Ariji iz oper

Uložené v:
Podrobná bibliografia
Korporatívny autor: Orchestr Státniho akademického Velkého divadla SSSR (Performer)
Ďalší autori: Olejničenková, Galina (Singer), Chajkin, Boris Emmanuilovič, 1904-1972 (Conductor), Verdi, Giuseppe, 1813-1901, Bellini, Vincenzo, 1801-1835, Puccini, Giacomo, 1858-1924, Massenet, Jules, 1842-1912, Thomas, Ambroise, 1811-1896
Médium: Zvuková nahrávka
Jazyk:Slovak
Russian
Vydané: [Moskva] : Aprelevskij zavod, [1955].
Fyzický popis: 1 gramofónová platňa : analog 33 1/3 ot/min. ; 30 cm.
Tagy: Pridať tag
Žiadne tagy, Buďte prvý kto otaguje tento záznam!

MARC

LEADER 00000njm a2200000 a 4500
001 000447828
003 SVKKK
005 20181008131910.0
008 131225s1955 xo slo d
028 0 1 |a D 5398-5399  |b Aprelevskij zavod 
040 |a SVKKK  |b slo  |c SVKKK  |e AACR2 
041 0 |d rus 
044 |a ru  |c RU 
245 0 0 |a Ariji iz oper  |h [zvukový záznam]. 
260 |a [Moskva] :  |b Aprelevskij zavod,  |c [1955]. 
300 |a 1 gramofónová platňa :  |b analog 33 1/3 ot/min. ;  |c 30 cm. 
500 |a Názov z obalu 
505 0 |a Strana 1:  |t Arie Gildy z 2. jednání opery "Rigoletto" / Giuseppe Verdi --  |t Arie Elviry z opery "I puritani di scozia" / Vincenzo Bellini 
505 0 |a Strana 2:  |t Stesk Manon z 1. jednání opery "Manon Lescuut" --  |t Sevillana z opery "Don Cesar de Bazan" / Julius Massenet --  |t Polonéza Filiny z opery "Mignon" / A. Thomas 
511 0 |a Spev: Galina Olejničenková 
511 0 |a Orchestr Státniho akademického Velkého divadla SSSR, diriguje B. Chajkin 
700 1 |a Olejničenková, Galina  |4 sng 
700 1 |a Chajkin, Boris Emmanuilovič,  |d 1904-1972  |4 cnd 
700 1 2 |a Verdi, Giuseppe,  |d 1813-1901  |t Rigoletto 
700 1 2 |a Bellini, Vincenzo,  |d 1801-1835  |t I puritani di scozia 
700 1 2 |a Puccini, Giacomo,  |d 1858-1924  |t Manon Lescuut 
700 1 2 |a Massenet, Jules,  |d 1842-1912  |t Don Cesar de Bazan 
700 1 2 |a Thomas, Ambroise,  |d 1811-1896  |t Mignon 
710 2 |a Orchestr Státniho akademického Velkého divadla SSSR  |4 prf 
910 |a svkkk 
998 |a AM 
090 |g SCKHL  |k Sklad Pribinova 1. posch.  |a IIG.386  |j 1052  |i 2720370696  |s Prezenčne CD, DVD 
924 |a LP 
924 |a AVM